Ulises / (Record no. 192150)

MARC details
000 -LEADER
campo de control de longitud fija 01197nam a2200313 i 4500
001 - NÚMERO DE CONTROL
campo de control 192150
003 - IDENTIFICADOR DE NÚMERO DE CONTROL
campo de control ES-MaACL
005 - FECHA Y HORA DE LA ÚLTIMA TRANSACCIÓN
campo de control 20250804062651.0
008 - DATOS DE LONGITUD FIJA--INFORMACIÓN GENERAL
campo de control de longitud fija 221107s2018 ag e 000 0 spa c
020 ## - NÚMERO INTERNACIONAL ESTÁNDAR DEL LIBRO
Número Internacional Estándar del Libro 9789873743177
040 ## - FUENTE DE CATALOGACIÓN
Centro/agencia transcriptor ES-MaACL
080 ## - NÚMERO DE LA CLASIFICACIÓN DECIMAL UNIVERSAL
Número de la Clasificación Decimal Universal 821.111(415)-31"19"
100 1# - ENTRADA PRINCIPAL--NOMBRE DE PERSONA
Nombre de persona Joyce, James,
Fechas asociadas al nombre 1882-1941
Término indicativo de función/relación Autor
9 (RLIN) 67077
245 10 - MENCIÓN DEL TÍTULO
Título Ulises /
Mención de responsabilidad, etc. James Joyce ; traducción de Marcelo Zabaloy ; con la colaboración de Edgardo Russo ; notas de Marcelo Zabaloy y Eugenio Conchez ; edición al cuidado de Pablo Hernández.
250 ## - MENCION DE EDICION
Mención de edición Segunda edición revisada
260 ## - PUBLICACIÓN, DISTRIBUCIÓN, ETC.
Lugar de publicación, distribución, etc. Buenos Aires :
Nombre del editor, distribuidor, etc. El Cuenco de Plata,
Fecha de publicación, distribución, etc. 2018.
300 ## - DESCRIPCIÓN FÍSICA
Extensión 829 páginas ;
Dimensiones 23 cm.
490 1# - MENCIÓN DE SERIE
Mención de serie Extraterritorial
500 ## - NOTA GENERAL
Nota general Índice
655 #0 - TERMINO DE INDIZACIÓN--GENERO/FORMA
Datos o término principal de género/forma Novelas
9 (RLIN) 234319
700 1# - ENTRADA AGREGADA--NOMBRE PERSONAL
Nombre de persona Zabaloy, Marcelo,
Fechas asociadas al nombre 1957-
Término indicativo de función/relación Traductor
9 (RLIN) 175793
700 1# - ENTRADA AGREGADA--NOMBRE PERSONAL
Nombre de persona Russo, Edgardo.
9 (RLIN) 101054
Término indicativo de función/relación Traductor
830 1# - PUNTO DE ACCESO ADICIONAL DE SERIE-TÍTULO UNIFORME
Título uniforme Extraterritorial
9 (RLIN) 226097
852 4# - LOCALIZACIÓN
Ubicación ES-MaACL
Número de control de estantería N-8050
itemnumber 199432
Anotaciones manuscritas Dedicatoria autógrafa del traductor
Ubicación en estantería Depósito J
Sublocalización o colección R. 152798
Donativo/Legado Donación: Marcelo Zabaloy
903 ## - NOMBRE PERSONAL DE DONANTE
a Zabaloy, Marcelo,
d 1957-
e Donante
9 175793
942 ## - ELEMENTOS DE ENTRADA SECUNDARIOS (KOHA)
Tipo de ítem Koha Libro impreso
Suprimir en OPAC No
Holdings
Estatus retirado Estado de pérdida Fuente del sistema de clasificación o colocación Estado de daño No para préstamo Biblioteca de origen Biblioteca actual Ubicación en estantería Fecha de adquisición Fuente de adquisición Total de préstamos Signatura topográfica completa Código de barras Visto por última vez Tipo de ítem Koha Nota pública
    Clasificación decimal universal     Biblioteca del Ateneo de Madrid Biblioteca del Ateneo de Madrid Depósito J 07/11/2022 Donación   N-8050 101206493 23/02/2023 Libro impreso Dedicatoria autógrafa del traductor